• 首页
  • 本馆介绍
  • 公告通知
  • 最新文献
  • 馆藏检索
  • 电子资源
  • 读者导购
  • 参考咨询
  • 我的图书馆
  • 登录
  • 详细信息显示
  • 放入我的书架
  • 预约/预借图书
  • 作者相关作品
  • 分类相关作品
  • 丛书相关作品
  • 出版社相关作品

书目信息

  • 表格格式
  • 工作单格式
  • 卡片格式
题名:
体育
    
 
作者:
分册: 第四册·试用本  
出版信息: 石家庄   河北教育出版社  1993
页数: 76页
开本: 20cm
丛书名:
单 册:
中图分类: G8
科图分类: 38.47
主题词: 体育
电子资源:
ISBN: 7-5434-1935-1
000 00569nam0 2200229 45
001 0194031075
005 20070618084450.46
010    @a7-5434-1935-1@dCNY1.65
100    @a19940721d1993 em y0chiy0121 ea
101 0  @achi
102    @aCN@b130000
105    @af z 000yy
200 10 @a体育@ATI YU@h第四册·试用本
210    @a石家庄@c河北教育出版社@d1993@h1995
215    @a76页@d20cm
300    @a河北省初级中学课本
540 1  @a体育@ATI YU
606 0  @a体育
690    @aG8@v三版
692    @a38.47
801  0 @aCN@bTSSF@c20070618
905    @a10447@dG8@e261:4
    
    体育.第四册·试用本.-石家庄:河北教育出版社,1993(1995)
    76页;20cm
    河北省初级中学课本
    
    ISBN 7-5434-1935-1:CNY1.65
    
●
相关链接 在E读中查询图书 在五车中查询图书 在当当中查询图书 在豆瓣中查询图书


正题名:体育     索取号:G8/261:4         预约/预借

序号 登录号 条形码 馆藏地/架位号 状态 备注
1 0654553   206545531   库房3/ [索取号:G8/261:4] 在馆    
2 0654554   206545540   库房3/ [索取号:G8/261:4] 在馆    
3 0654555   206545559   库房3/ [索取号:G8/261:4] 在馆    
4 0654556   206545568   库房3/ [索取号:G8/261:4] 在馆    
欢迎您!
大连网信软件有限公司© 版权所有